01374nam a2200241Ia 4500001000600000003000900006008004100015040001300056040001300069041001300082100001700095100002900112245003100141245003100172250001100203260001000214260000900224260004900233300005700282500072700339650003501066650003101101B0783IT-RoPAU130308s9999 xx 000 0 und d aIT-RoPAU cIT-RoPAU aFRANCESE aPeretz Louis gCodice Aut. SPICS: 37173 aImage en 3 dimensions (L') bImage En 3 Dimensions (L') a1a ed. aPARIS bCNRS c1990 [1° Ed.:1990 - Ed.Ling.Originale:1990] a"160 p. (prefazione: no ; testo: 160 [pagine: 0-0])" aImmagine a tre Dimensioni. Percezione Tridimensionale. Visione Monoculare e Binoculare. Percezione dei Limiti e fenomeno di Costanza. immagine in Rilievo. Stereoscopio. proiezione in Rilievo. Altri Processi in Rilievo. teorie dell'Immagine in Rilievo: Mondo della Terza Dimensione, Illusione Ottica,Ricostruzione della Realtà, immagine Tridimensionale Simulata. Tecniche di Proiezione: Manipolazioni delle Vedute, Materiale di Proiezione, Condizioni di Proiezione. Tecniche D'Inquadratura. Spettacolo in Rilievo. Nuova Forma d'arte . Concezione del Diaporama a tre Dimensioni. Tecnica di Scrittura del Diaporama. Realizzazione del Diaporama. scelta del Materiale. prospettive dell'Immagine Tridimensionale. Bibliografia. aTEORIA/LINGUAGGI DI ICONOLOGIA eCodice materia Spics: 5153